Nasarawa State HIV & AIDS, sexual and reproductive health knowledge, attitude and behavioural survey (Record no. 41768)

MARC details
000 -LEADER
fixed length control field 00400nam a2200145Ia 4500
245 #0 - TITLE STATEMENT
Title Nasarawa State HIV & AIDS, sexual and reproductive health knowledge, attitude and behavioural survey
260 ## - PUBLICATION, DISTRIBUTION, ETC. (IMPRINT)
Place of publication Nasarawa State
260 ## - PUBLICATION, DISTRIBUTION, ETC. (IMPRINT)
Name of publisher DFID
260 ## - PUBLICATION, DISTRIBUTION, ETC. (IMPRINT)
Year of publication 2011
300 ## - PHYSICAL DESCRIPTION
Number of Pages 70 p
650 ## - SUBJECT ADDED ENTRY--TOPICAL TERM
Topical Term Nasarawa State
942 ## - ADDED ENTRY ELEMENTS (KOHA)
Koha item type Books
Holdings
Withdrawn status Lost status Source of classification or shelving scheme Damaged status Not for loan Permanent Location Current Location Shelving location Date acquired Accession Number Price effective from Koha item type
    Library of Congress Classification     NILE UNIVERSITY OF NIGERIA - MAIN LIBRARY NILE UNIVERSITY OF NIGERIA - MAIN LIBRARY Items on shelf 06/03/2025 0009098 06/03/2025 Books
    Library of Congress Classification     NILE UNIVERSITY OF NIGERIA - MAIN LIBRARY NILE UNIVERSITY OF NIGERIA - MAIN LIBRARY Items on shelf 06/03/2025 0009148 06/03/2025 Books
    Library of Congress Classification     NILE UNIVERSITY OF NIGERIA - MAIN LIBRARY NILE UNIVERSITY OF NIGERIA - MAIN LIBRARY Items on shelf 06/03/2025 0009885 06/03/2025 Books